000 00327 a2200157 4500
001 171093
020 _a
040 _cMagnum
100 _aMayhew, James
240 1 0 _aErica e os impressionistas
_lpor
245 1 0 _aErica e os impressionistas
362 0 _a1899
440 1 _aModerna
697 _aIJ/GERAL
942 _cBK
999 _c171093
_d171093